Abbreviations Dictionary

Enregistré dans:
Détails bibliographiques
Auteur principal: De Sola, Ralph
Autres auteurs: Stahl, Dean, Kerchelich, Karen
Format: Livre
Langue:anglais
Publié: Boca Raton CRC Press 1995
Édition:9. ed.
Sujets:
Tags: Ajouter un tag
Pas de tags, Soyez le premier à ajouter un tag!

MARC

LEADER 00000nam a2200000 4500
001 c014356
005 20221221080001.3
020 |a 0-8493-8944-5 
041 0 |a eng 
044 |a US 
245 1 0 |a Abbreviations Dictionary  |c Ralph De Sola, Dean Stahl, Karen Kerchelich 
250 |a 9. ed. 
264 1 |a Boca Raton  |b CRC Press  |c 1995 
300 |a 1347 s. 
610 2 0 |a jazykoveda 
610 2 0 |a angličtina 
100 1 |a De Sola, Ralph 
700 1 |a Stahl, Dean 
700 1 |a Kerchelich, Karen